Adventures in Stochastic Processes

Αποθηκεύτηκε σε:
Λεπτομέρειες βιβλιογραφικής εγγραφής
Κύριος συγγραφέας: Resnick, Sidney I.
Μορφή: Βιβλίο
Γλώσσα:English
Δημοσίευση: Boston : Birkhauser, 1992
Θέματα:
Ετικέτες: Προσθήκη ετικέτας
Δεν υπάρχουν, Καταχωρήστε ετικέτα πρώτοι!

MARC

LEADER 00000nam a2200000 i 4500
001 1/9573
008 950928s1992 eng d
020 |a 0-8176-3591-2 
020 |a 3-7643-3591-2 
035 |a 1995  |c ΠΑΠΑΔΟΠΟΥΛΟΣ  |l 10063111 
040 |a GR-MY-UA  |b gre  |e aacr 
041 0 |a eng 
082 0 |a 519.2 
100 1 |a Resnick, Sidney I. 
245 1 0 |a Adventures in Stochastic Processes /  |c Sidney Resnick 
260 |a Boston :   |b Birkhauser,   |c 1992 
300 |a xii, 626 p.;  |c 25 cm. 
504 |a Includes bibliographical references (p.613-616) and index 
650 0 0 |a Stochastic processes. 
852 |a INST  |b SAMOS  |e 19950928  |h 519.2 RES  |p 005300004825  |q 005300004825  |t BK  |y 0 
852 |a INST  |b SAMOS  |e 20000822  |h 519.2 RES  |p 005300018996  |q 005300018996  |t BK  |y 0 
901 |a BIBL3-2000-2 
909 |a Σ  |b 080790 
909 |a Σ  |b 042405 
922 |a 3ΕΛΗ  |b 200007  |c ΤΜΗΜΑ ΜΑΘΗΜΑΤΙΚΩΝ  |d ΠΑΠΑΣΩΤΗΡΙΟΥ 
950 |a 116-2000-01-19 
970 |a ΜΑΛΑΓΑΡΗ  |b ΦΩΤΕΙΝΗ  |z 2000/08/25